El brigadier de la Armada é ingeniero militar Don Félix de Azára y Peréra : (Record no. 166452)
[ view plain ]
| 000 -LEADER | |
|---|---|
| campo de control de longitud fija | 01415nam a2200313 i 4500 |
| 001 - NÚMERO DE CONTROL | |
| campo de control | 166452 |
| 003 - IDENTIFICADOR DE NÚMERO DE CONTROL | |
| campo de control | ES-MaACL |
| 005 - FECHA Y HORA DE LA ÚLTIMA TRANSACCIÓN | |
| campo de control | 20250905063053.0 |
| 008 - DATOS DE LONGITUD FIJA--INFORMACIÓN GENERAL | |
| campo de control de longitud fija | 950111e1892 sp c||||r 001 0bspa |
| 040 ## - FUENTE DE CATALOGACIÓN | |
| Centro catalogador/agencia de origen | CARM |
| Lengua de catalogación | spa |
| Centro/agencia transcriptor | ES-MaACL |
| 080 ## - NÚMERO DE LA CLASIFICACIÓN DECIMAL UNIVERSAL | |
| Número de la Clasificación Decimal Universal | 929 Azara, Félix de |
| 100 1# - ENTRADA PRINCIPAL--NOMBRE DE PERSONA | |
| Nombre de persona | Torner de la Fuente, Eusebio |
| Fechas asociadas al nombre | 1861-1913 |
| Término indicativo de función/relación | Autor |
| 9 (RLIN) | 110665 |
| 245 13 - MENCIÓN DEL TÍTULO | |
| Título | El brigadier de la Armada é ingeniero militar Don Félix de Azára y Peréra : |
| Resto del título | apuntes biográficos / |
| Mención de responsabilidad, etc. | por Don Eusebio Torner y de la Fuente, capitán de ingenieros y profesor de la Academia del Cuerpo |
| 260 ## - PUBLICACIÓN, DISTRIBUCIÓN, ETC. | |
| Lugar de publicación, distribución, etc. | Madrid : |
| Nombre del editor, distribuidor, etc. | [s.n.], |
| Fecha de publicación, distribución, etc. | 1892 |
| Fabricante | (Imp. del Memorial de Ingenieros) |
| 300 ## - DESCRIPCIÓN FÍSICA | |
| Extensión | 104 página, 1 hoja de lámina (blanco y negro) ; |
| Dimensiones | 21 cm |
| 500 ## - NOTA GENERAL | |
| Nota general | Índice |
| 504 ## - NOTA DE BIBLIOGRAFÍA, ETC. | |
| Nota de bibliografía, etc. | Bibliografía de Félix de Azara: páginas [94]-101 |
| 530 ## - NOTA DISPONIBLE DE FORMULARIO FÍSICO ADICIONAL | |
| Nota de formato físico adicional disponible | Disponible en formato digital |
| 599 ## - NOTA A LAS ILUSTRACIONES | |
| Nota | Lámina: retrato de Félix de Azara |
| 600 14 - PUNTO DE ACCESO ADICIONAL DE MATERIA--NOMBRE DE PERSONA | |
| Nombre de persona | Azara, Félix de, |
| Fechas asociadas al nombre | 1742-1821- |
| Subdivisión general | Biografías |
| 9 (RLIN) | 242216 |
| 655 #4 - TERMINO DE INDIZACIÓN--GENERO/FORMA | |
| Datos o término principal de género/forma | Biografías |
| 9 (RLIN) | 176647 |
| 710 2# - ENTRADA AGREGADA--NOMBRE DE ENTIDAD CORPORATIVA | |
| Nombre de entidad corporativa o nombre de jurisdicción como elemento de entrada | Imprenta del Memorial de Ingenieros |
| Término indicativo de función/relación | Impresor |
| 9 (RLIN) | 134482 |
| 752 ## - ENTRADA AGREGADA--NOMBRE JERÁRQUICO DEL LUGAR | |
| País o entidad superior | España - |
| Ciudad | Madrid |
| 852 4# - LOCALIZACIÓN | |
| Ubicación | ES-MaACL |
| Ubicación en estantería | Depósito folletos |
| Número de control de estantería | T-699-F-1 |
| Encuadernación | Enc. en un vol. facticio |
| -- | Holandesa |
| 856 4# - LOCALIZACIÓN Y ACCESO ELECTRÓNICOS | |
| Identificador Uniforme de Recursos | <a href="https://bibliotecavirtual.aragon.es/es/consulta/registro.do?id=5723">https://bibliotecavirtual.aragon.es/es/consulta/registro.do?id=5723</a> |
| Texto de enlace | Versión en línea |
| Nota pública | (Biblioteca Virtual de Aragón) |
| 942 ## - ELEMENTOS DE ENTRADA SECUNDARIOS (KOHA) | |
| Tipo de ítem Koha | Libro impreso antiguo |
| Suprimir en OPAC | No |
| Estatus retirado | Estado de pérdida | Fuente del sistema de clasificación o colocación | Estado de daño | No para préstamo | Colección | Biblioteca de origen | Biblioteca actual | Ubicación en estantería | Fecha de adquisición | Total de préstamos | Signatura topográfica completa | Código de barras | Visto por última vez | Tipo de ítem Koha |
|---|---|---|---|---|---|---|---|---|---|---|---|---|---|---|
| Clasificación decimal universal | Colección digital | Biblioteca del Ateneo de Madrid | Biblioteca del Ateneo de Madrid | Depósito folletos | 17/01/2008 | T-699-F-1 | 1174574 | 23/02/2023 | Folleto |
